skbl

Dr Suryya Kumar Bhuyan Library Web-OPAC
ডঃ সূৰ্য্য
কুমাৰ ভূঞা পুথিভঁৰাল ৱেব-অ'পেক

All Research Scholars are advised to clear the annual library fees to continue using Library Resources, Remote Access, Plagiarism Test and Library Clearance.

Cotton University Book Fair 2026

Catalysis And Adsorption / (Record no. 5460)

MARC details
000 -LEADER
fixed length control field 00601nam a2200217Ia 4500
001 - CONTROL NUMBER
control field 5473
008 - FIXED-LENGTH DATA ELEMENTS--GENERAL INFORMATION
fixed length control field 170317s1973 ii a g b000 u 465 u
082 ## - DEWEY DECIMAL CLASSIFICATION NUMBER
Classification number 541.39
100 ## - MAIN ENTRY--PERSONAL NAME
Personal name Satish, Subhash,
Relator term Author.
245 #0 - TITLE STATEMENT
Title Catalysis And Adsorption /
Statement of responsibility, etc. Subhash-Satish and V.P. Kudesia.
Medium Textual Documents
250 ## - EDITION STATEMENT
Edition statement 2nd ed. /
260 ## - PUBLICATION, DISTRIBUTION, ETC.
Place of publication, distribution, etc. Meerut :
Name of publisher, distributor, etc. Pragati Prakashan ,
Date of publication, distribution, etc. 1973.
300 ## - PHYSICAL DESCRIPTION
Extent 78p. :
Other physical details ill. ;
Dimensions 22cm .
653 ## - INDEX TERM--UNCONTROLLED
Uncontrolled term Chemistry
653 ## - INDEX TERM--UNCONTROLLED
Uncontrolled term Chemical Reactions
653 ## - INDEX TERM--UNCONTROLLED
Uncontrolled term Catalysis
653 ## - INDEX TERM--UNCONTROLLED
Uncontrolled term Adsorption
653 ## - INDEX TERM--UNCONTROLLED
Uncontrolled term PG-Chemistry
700 ## - ADDED ENTRY--PERSONAL NAME
Personal name Kudesia, V.P. .
942 ## - ADDED ENTRY ELEMENTS (KOHA)
Source of classification or shelving scheme Dewey Decimal Classification
Koha item type Books
Holdings
Withdrawn status Lost status Damaged status Not for loan Collection Home library Current library Date acquired Coded location qualifier Total checkouts Full call number Barcode Date last seen Copy number Price effective from Koha item type
          Dr. Suryya Kumar Bhuyan Library Dr. Suryya Kumar Bhuyan Library 01/02/2012 00000   541.39 Su 14 C 76598 13/01/2024 1 01/02/2012 Books
          Dr. Suryya Kumar Bhuyan Library Dr. Suryya Kumar Bhuyan Library 01/02/2012 00000   541.39 Su 14 C 76597 13/01/2024 2 01/02/2012 Books

Designed and Maintained by Team SKBL
©1901-2026

Powered by Koha